000 00700nam a22002297a 4500
008 240706b mp ||||| |||| 00| 0 mon d
020 _a978-99973-1-260-0
035 _a22707
040 _aBH0164090
_bmon
_cMN-UlNLM
_dMN-UlNLM
_erda
041 _amon
042 _a98534
084 _2NNA
_a82.3/0/
_bТ.594
100 _aТөрмөнх Б.
245 0 _aХавар
264 _aУлаанбаатар
_bМон судар
_c2015
300 _a14х.
336 _2rdacontent
_atext
_btxt
337 _2rdamedia
_aunmediated
_bn
338 _2rdacarrier
_avolume
_bnc
650 _aСургуулийн өмнөх насныханд зориулсан зурагт ном
942 _2NNA
_cBK
999 _c1120593
_d1120650